000 00868nam a2200205Ia 4500
001 1206
003 GE_BSU
008 181216s||||||||xx |||||||||||||| ||und||
020 _a99928434705
040 _cGE_BSU
080 _a633.6(479.223)
100 _aჯაბნიძე,ნანა
245 _aსტივიას ბიოლოგიური ნიშანთვისებებისა და გამრავლების საკითხების შესწავლა აჭარის პირობებში.
260 _aბატყმი
260 _bალიონი
300 _a95 გვ. 19 სმ.
541 _h5 ლ.
653 _aსტივიას გამრავლების საკითხების შესწაბლა აჭარის პირობებსი
942 _cBK
999 _c35353
_d35353